000 00924nam a2200205 a 4500
001 52998
005 20180714043056.0
008 140415d 000 0 spa d
020 _a0538614218
041 _aspa
082 _a658.848
_bKRU
100 1 _aKRUZEL, SANDRA L.
245 1 0 _aIMPORT/EXPORT PROCEDURES
250 _a1a ed.
260 _a[s.l.] :
_bSOUTH-WESTERN PUBLISHIG CO.,
_c[s.f.]
300 _a550
_c20.9 x 0.9 x 27.1
520 _aINTERNATIONAL STUDIES: IMPORT/ EXPORT PROCEDIRES WAS WRITTEN TO ENCOURAGE THE INTEGRATION OF BASIC INTERNATIONAÑ TRADE CONCEPTS WITHIN THE SCHOOL CURRICULUM. THIS TEXT/WORKBOOK MAY BE USED IN BUSINESS EDUCATION, MARKETING EDUCATION, OR SOCIAL STUDIES AS A STAND-ALOME SEMESTER SOUSE, OF INTEGRATED WITH OTHERS PROGRAMS WHICH SHOULD FOCUS SOMEWHAT ON INTERNATIONAL STUDIES.
650 1 4 _aPLANIFICACION ESTRATEGICA
700 1 _aREYNOLDS, FRANK
_ecoaut.
999 _c52998
_d52998